Spelling made easy

Bibliographic Details
Main Author: Dykes, Barbara
Other Authors: Thomas, Constance
Format: Book
Published: Petaling Jaya : Pelanduk Publcations(M) Sdn Bhd , 1990
Subjects:

MARC

LEADER 00000cam a2200000 7i4500
001 0000005323
002 000005751
005 20080124.0
020 |a 9679783316 
090 0 0 |a 421.52   |b DYK 
100 1 |a Dykes, Barbara 
245 1 0 |a Spelling made easy   |c Barbara Dykes and Constance Thomas 
260 |a Petaling Jaya :   |b Pelanduk Publcations(M) Sdn Bhd ,   |c 1990 
300 |a 128p. ;   |c 21cm. 
650 0 0 |a English language   |x Orthography and spelling 
650 0 0 |a Languages and languages   |x Orthography and spelling 
700 1 |a Thomas, Constance 
999 |a 037732   |b BUKU   |c PINJAMAN   |e PERPUSTAKAAN KOMUNITI PETALING JAYA 
999 |a 037810   |b BUKU   |c PINJAMAN   |e PERPUSTAKAAN KOMUNITI PETALING JAYA